000 01126cam a22003011 4500
001 2966
003 BD-RjUL
005 20211208233642.0
008 131217s1935 xx 001 0 eng
035 _a(BD-RjUL)2994
035 _a(OCoLC)1077143
040 _aDLC
_cPBm
_dDLC
_dBD-RjUL
_beng
041 _aeng
082 _a338.1
_bGRM 1935
100 1 _aGreaves, I. C.
_q(Ida Cecil),
_d1907-
_99453
245 1 0 _aModern production among backward peoples /
_cI. C. Greaves.
260 _aLondon :
_bG. Allen & Unwin ,
_c1935
300 _a229 p. :
_bill. ;
_c22 cm.
490 0 _aLondon School of Economics and Political Science. Studies in economics and commerce,
_vno. 5
502 _a"Thesis approved for the doctor of philosophy in the University of London."
504 _aBibliography: p. [223]-226. and index.
650 0 _aIndigenous peoples.
_98802
650 0 _aAgriculture
_zTropics.
_99454
650 0 _aAgriculture
_xEconomic aspects.
_99455
856 _uhttp://www.worldcat.org/title/modern-production-among-backward-peoples/oclc/1077143&referer=brief_results
942 _2ddc
_cBK
999 _c2966
_d2966